| 000 | 00612nam a2200241Ia 4500 | ||
|---|---|---|---|
| 003 | OSt | ||
| 005 | 20221005074514.0 | ||
| 006 | a|||||r|||| 00| 0 | ||
| 007 | ta | ||
| 008 | 221004b |||||||| |||| 00| 0 eng d | ||
| 024 | _a53475 | ||
| 037 | _cTextual | ||
| 040 |
_aCRL _cCRL _beng |
||
| 041 |
_2eng _aeng |
||
| 082 | _aR6x, N8 | ||
| 100 |
_aSingh Ramjee _9407023 |
||
| 245 | 0 | _aDimensions of Indian thought and culture. | |
| 260 |
_aNew Delhi _bManak _c1998 |
||
| 300 |
_a238p. _ccm. |
||
| 650 | _aPHILOSOPHY | ||
| 942 |
_hR6x, N8 _cTEXL _2cc |
||
| 999 |
_c982868 _d982868 |
||